| 000 | 00572nam a22002057a 4500 | ||
|---|---|---|---|
| 999 |
_c883 _d883 |
||
| 003 | OSt | ||
| 005 | 20210327111440.0 | ||
| 008 | 140902b xxu||||| |||| 00| 0 eng d | ||
| 020 | _a0443074046 | ||
| 040 | _cNLM | ||
| 082 | _aWB18 M225g 2005 | ||
| 100 |
_aEdited by Graham, Douglas; Fiona, Nicol; Colin, Roberstson _914025 |
||
| 245 | _aMacleod's Clinical Examination | ||
| 250 | _a11th ed. | ||
| 260 |
_aLondon; _bChurchill Livingstone, _c2005 |
||
| 300 |
_axiii, 406p : _bcol.ill ; _c27 cm. |
||
| 504 | _aIncludes Index | ||
| 650 |
_aMedicine _9324 |
||
| 942 |
_2z _cSLOAN |
||